Úspech zákazu fajčenia v Taliansku

Bibliographic Details
Format: Article
Language:Slovak
ISSN:1335-4477
Subjects:

MARC

LEADER 00000nab a2200000 a 4500
001 vtls008932705
003 SK-MaSNL
005 20260303071404.0
008 140303c2006 xo wrzp 0 0slo
015 |a SNBRB2007/01  |2 snkbucl 
040 |a SNKBUCL  |b slo  |c SNKBUCL  |e AACR2 
041 0 |a slo 
044 |a xo  |c SK 
080 |a 613.84  |x (450)  |2 1997 
245 0 0 |a Úspech zákazu fajčenia v Taliansku  |c [autor] (mar) 
650 0 7 |a fajčenie  |z Taliansko  |2 snkbucl  |9 1070008 
773 0 |t Zdravotnícke noviny  |g Roč. XI, č. 44 (2006)  |x 1335-4477 
773 0 8 |t Lekárske listy  |g Č. 44 (2006), s. 41 
852 |a SNK  |b KIS3GCP 
958 |a MI 
958 |a SK 
958 |a IT 
999 |c 1759672  |d 1761602